| 000 | 00732nam a2200241Ia 4500 | ||
|---|---|---|---|
| 003 | OSt | ||
| 005 | 20220926015050.0 | ||
| 006 | a|||||r|||| 00| 0 | ||
| 007 | ta | ||
| 008 | 220923b |||||||| |||| 00| 0 eng d | ||
| 037 | _cGeneral Book | ||
| 040 |
_aRTL _cRTL _beng |
||
| 041 |
_2eng _aeng |
||
| 082 | _aX:8:(B2893), M2 | ||
| 100 | _aSengupta Jati K. | ||
| 245 | 0 |
_aDecision models in stochastic programming _b Operat |
|
| 260 |
_aNew York _bNorth Holland U. S. A. _c1982 |
||
| 300 |
_ax, 189p. Bibliography p.173-83 _ccm. |
||
| 490 | _aSystem Science and Engineering, 7. | ||
| 650 | _aOperational Management | ||
| 942 |
_hX:8:(B2893), M2 _cGB _2CC |
||
| 999 |
_c630484 _d630484 |
||